|
|
|
|
| LEADER |
00000naa a2200000uu 4500 |
| 001 |
vtls011057614 |
| 003 |
SK-MaSNL |
| 005 |
20260302113926.0 |
| 008 |
210907|2006 xo |||||||||||||||||slo| |
| 015 |
|
|
|a SNBRA
|
| 035 |
|
|
|a (urnnbn)urn:nbn:sk:snk:ar-a0bzyg
|
| 035 |
|
|
|a (uuid)f4cb466a-428a-45e9-8fee-603bc4ec72a6
|
| 035 |
|
|
|a urn:nbn:sk:snk-aav6k1
|
| 040 |
|
|
|a SNKBUCL
|b slo
|c SNKBUCL
|e AACR2
|
| 041 |
0 |
|
|a slo
|
| 044 |
|
|
|a xo
|c SK
|
| 100 |
1 |
|
|a Boldiš, Tomáš
|4 aut
|9 499297
|
| 245 |
1 |
0 |
|a KOMBINOVANÉ SYSTÉMY ELEKTRICKÉHO VYKUROVANIA
|c Tomáš Boldiš, Jan Kyncl
|
| 700 |
1 |
|
|a Kyncl, Jan
|4 aut
|9 555954
|
| 773 |
0 |
|
|t Vykurovanie 2006
|d Bratislava : Slovenská spoločnosť pre techniku prostredia, 2006
|g S. 330-337
|z 8089216064
|
| 958 |
|
|
|a OND
|
| 958 |
|
|
|a article12
|
| 958 |
|
|
|a chapter
|
| 999 |
|
|
|c 1257621
|d 1259551
|